| 000 | 01318nam a2200265 a 4500 | ||
|---|---|---|---|
| 001 | 000000505 | ||
| 005 | 20200929145342.0 | ||
| 008 | 081212s2007 dr 000 p spa d | ||
| 020 | _a1932271910 | ||
| 020 | _a9781932271911 | ||
| 040 |
_aDO-SdBNP _bspa _cBNPHU |
||
| 082 |
_aPR861.5 _bR294r |
||
| 100 | 1 |
_aRecart Schroeder, Johanna _91673 |
|
| 245 | 1 | 3 |
_aLa ruta transitada / _cJohanna Recart Schroeder. |
| 260 |
_aSanto Domingo : _bIsla Negra, _c2007. |
||
| 300 |
_a65 p. ; _c22 cm. |
||
| 490 | 1 | _aFijo de fuego | |
| 500 | _aIncluye referencias biográficas | ||
| 505 | 0 | _aPrólogo -- Para tratar de decir -- Entre dientes y lengua -- Gracia infinita -- Hechizo -- Abandonado en la piel solitaria -- Engaña el ojo -- No debo ignorar -- A lo largo de mi espalda -- Al final del pasillo -- Desnudó la noche -- Promesa -- La hermosa mentira -- El azul de la ausencia -- Cuando el amor -- El ¡OH! de los amantes --Reflejo -- Se ha madrugado el paso -- Manos -- Seducción --Divinal distracción -- Me miro en el espejo -- Sólo tus ojos -- Más que alegría -- Debajo de la piel -- La ruta transitada. | |
| 590 | _aInventariado, 2019 / DG | ||
| 650 | 4 |
_aPoesía puertorriqueña _91015 |
|
| 650 | 4 |
_aLiteratura puertorriqueña _9250 |
|
| 830 | 0 |
_aFijo de fuego _91674 |
|
| 910 | _aValidado. Control de calidad MFF | ||
| 999 |
_c503 _d503 |
||